000 00614nam a2200241Ia 4500
003 OSt
005 20221007071258.0
006 a|||||r|||| 00| 0
007 ta
008 221006b |||||||| |||| 00| 0 eng d
024 _a24,916
037 _cTextual
040 _aFLL
_cFLL
_beng
041 _2eng
_aeng
082 _aZ3:211, J4
100 _aCheshire G.C.
_9152548
245 0 _aReal property
250 _a7th
260 _aLondon
_bButterworth & Co. Pvt. Ltd. UK
_c1954
300 _alxi,897,53p
_ccm.
942 _hZ3:211, J4
_cTEXL
_2CC
999 _c1142939
_d1142939